Tvorba aplikací v objektovém prostředí
Salvato in:
| Autore principale: | |
|---|---|
| Altri autori: | |
| Natura: | Libro |
| Lingua: | ceco |
| Pubblicazione: |
Praha
Grada
1994
|
| Edizione: | 1. vyd. |
| Soggetti: | |
| Tags: |
Nessun Tag, puoi essere il primo ad aggiungerne!!
|
MARC
| LEADER | 00000nam a2200000 4500 | ||
|---|---|---|---|
| 001 | c005796 | ||
| 005 | 20221205141139.1 | ||
| 020 | |a 80-85623-82-X | ||
| 041 | 0 | |a cze | |
| 044 | |a CZ | ||
| 245 | 1 | 0 | |a Tvorba aplikací v objektovém prostředí |c Helena Jilková, Ivan Ryant |
| 250 | |a 1. vyd. | ||
| 264 | 1 | |a Praha |b Grada |c 1994 | |
| 300 | |a 323 s. | ||
| 610 | 2 | 0 | |a jazyky programovacie |
| 610 | 2 | 0 | |a programovanie |
| 610 | 2 | 0 | |a počítače |
| 610 | 2 | 0 | |a hardvér |
| 610 | 2 | 0 | |a softvér |
| 610 | 2 | 0 | |a Turbo Vision |
| 610 | 2 | 0 | |a Turbo Pascal |
| 610 | 2 | 0 | |a Turbo C++ |
| 100 | 1 | |a Jilková, Helena | |
| 700 | 1 | |a Ryant, Ivan | |